Quiz o Wyszkowie - Statystyki

Ogólne statystyki
  • Ten quiz został rozwiązany 12 razy
  • Średni wynik to 6 z 10
Statystyki odpowiedzi
Wskazówka Odpowiedź % Poprawnych
Województwo, w którym znajduje się Wyszków mazowieckie
100%
Tablica rejestracyjna Wyszkowa WWY
100%
Kod pocztowy Wyszkowa 07-200 albo 07-202
91%
Wiek, w którym Wyszków odzyskał prawa miejskie XX (1919)
91%
Klub piłkarski tego miasta Bug Wyszków
82%
Województwo, w którym leżał Wyszków w latach 1975-1998 ostrołęcki
64%
Burmistrz Wyszkowa Piotr Płochocki
45%
Jaka była pierwsza nazwa Wyszkowa, wspomniana w 1203 roku? Wyszkowo
18%
Na jakiej ziemi leży Wyszków? Ziemia {nurska}
18%
Jedyne miasto partnerskie Wyszkowa pochodzące z Estonii to ____________ Kohtla-Järve
0%
Nie znaleziono quizów pasujących do podanych kryteriów
Rozkład punktacji
Procent ludzi z każdym wynikiem
Percentyl według liczby udzielonych odpowiedzi
Twoja historia wyników
Nie rozwiązałeś tego quizu